| 000 | 00667nam a22002417a 4500 | ||
|---|---|---|---|
| 001 | 00260 | ||
| 003 | DO-SdBNP | ||
| 005 | 20180201141549.0 | ||
| 008 | 151214b 1989 ec xxu||||| |||| 00| 0 spa d | ||
| 020 | _a9978800212 | ||
| 040 |
_aBPMSU _bspa _cBPMSU |
||
| 092 |
_axxxxx _bxxxxx |
||
| 100 | _aJiménez, Juan Ramón | ||
| 245 | 1 | 0 |
_a Platero y yo / _cJuan Ramón Jiménez |
| 260 |
_aQuito, Ecuador : _bLibresa, _c1989. |
||
| 300 |
_a70 p. : _bil. ; _c21 cm. |
||
| 490 | 1 |
_aClásico de siempre _v; 12 |
|
| 830 |
_aClásico de siempre _n; 12 |
||
| 910 | _a00260 | ||
| 942 |
_2ddc _cBK |
||
| 945 | _aInventariado, 2018/ YL | ||
| 956 |
_aLorenza Pérez _b10 _cBPMSU |
||
| 999 |
_c9107 _d9107 |
||